[Event "Ruhrgebiet Verbandsliga1 1112"]
[Site "Nordrheinwestfalen"]
[Date "2012.02.12"]
[Round "6.6"]
[White "Mueller, Falk"]
[Black "Richter, Rainer"]
[Result "1/2-1/2"]
[WhiteElo "1990"]
[BlackElo "1950"]
[PlyCount "36"]
[EventDate "2012.09.18"]
[EventType "team-tourn"]
[EventRounds "9"]
[EventCountry "GER"]
[SourceTitle "EXT 2020"]
[Source "ChessBase"]
[SourceDate "2019.10.17"]
[SourceVersion "1"]
[SourceVersionDate "2019.10.17"]
[SourceQuality "1"]
[WhiteTeam "Gerthe Werne"]
[BlackTeam "Essen Ueberruhr"]
[WhiteTeamCountry "GER"]
[BlackTeamCountry "GER"]

1. e4 c5 2. Nf3 e6 3. d4 cxd4 4. c3 dxc3 5. Nxc3 Nc6 6. Bc4 Qc7 7. Qe2 Nf6 8. 0-0 Ng4 9. g3 a6 10. Bf4 d6 11. Rac1 Be7 12. Nd5 exd5 13. exd5 Nge5 14. Bxe5 dxe5 15. dxc6 0-0 16. cxb7 Qxb7 17. Nxe5 Bh3 18. Nc6 Bg5 1/2-1/2

[Event "Ruhrgebiet VK1 0708"]
[Site "Germany"]
[Date "2008.02.17"]
[Round "6.4"]
[White "Blum, Alfred"]
[Black "Mueller, Falk"]
[Result "0-1"]
[WhiteElo "2114"]
[BlackElo "2172"]
[PlyCount "50"]
[EventDate "2007.09.16"]
[EventType "team"]
[EventRounds "9"]
[EventCountry "GER"]
[SourceTitle "EXT 2009"]
[Source "ChessBase"]
[SourceDate "2008.11.26"]
[SourceVersion "1"]
[SourceVersionDate "2008.11.26"]
[SourceQuality "1"]
[WhiteTeam "Katernberg III"]
[BlackTeam "Gerthe"]
[WhiteTeamCountry "GER"]
[BlackTeamCountry "GER"]

1. d4 Nf6 2. c4 e5 3. d5 Bc5 4. e3 0-0 5. Nf3 d6 6. h3 c6 7. Be2 cxd5 8. cxd5 Ne4 9. 0-0 f5 10. Nbd2 Nxd2 11. Qxd2 Nd7 12. b4 Bb6 13. Bb2 a5 14. a3 h6 15. Qc3 Nf6 16. Rfd1 Ne4 17. Qb3 Bd7 18. Qd3 Qe7 19. Rac1 Nxf2 20. Kxf2 e4 21. Qd2 exf3 22. Bxf3 axb4 23. axb4 Ra2 24. Ra1 f4 25. Qe2 Rxb2 0-1

[Event "Ruhrgebiet VK1 0708"]
[Site "Germany"]
[Date "2007.11.18"]
[Round "3.4"]
[White "Kemna, Martin"]
[Black "Mueller, Falk"]
[Result "1-0"]
[WhiteElo "1965"]
[BlackElo "2172"]
[PlyCount "123"]
[EventDate "2007.09.16"]
[EventType "team"]
[EventRounds "9"]
[EventCountry "GER"]
[SourceTitle "EXT 2009"]
[Source "ChessBase"]
[SourceDate "2008.11.26"]
[SourceVersion "1"]
[SourceVersionDate "2008.11.26"]
[SourceQuality "1"]
[WhiteTeam "Ickern"]
[BlackTeam "Gerthe"]
[WhiteTeamCountry "GER"]
[BlackTeamCountry "GER"]

1. c4 e5 2. g3 Nc6 3. Bg2 f5 4. d3 Nf6 5. Nc3 Bb4 6. Bg5 0-0 7. e3 Bxc3+ 8. bxc3 h6 9. Bxf6 Qxf6 10. Ne2 b6 11. Rb1 Bb7 12. d4 d6 13. Bd5+ Kh8 14. Qa4 Na5 15. Bxb7 Nxb7 16. 0-0 c5 17. d5 Na5 18. f4 Rae8 19. e4 exf4 20. Nxf4 Rxe4 21. Ne6 Rg8 22. Qc2 Nxc4 23. Rbe1 Ne3 24. Qxe4 Nxf1 25. Qd3 Nxh2 26. Kxh2 b5 27. Rf1 c4 28. Qd4 Qg6 29. Nf4 Qf7 30. Kg2 Re8 31. Ne6 Qb7 32. Kh2 a5 33. a3 Rg8 34. Rxf5 b4 35. axb4 axb4 36. cxb4 Qxb4 37. Rf7 Qe1 38. Qxc4 Rb8 39. Qd4 Qe2+ 40. Rf2 Qh5+ 41. Kg2 Rb7 42. g4 Qg6 43. Nf8 Qg5 44. Qe4 g6 45. Nxg6+ Kg7 46. Nf8 Kh8 47. Nd7 Rxd7 48. Qe8+ Qg8 49. Rf8 Rg7 50. Rxg8+ Rxg8 51. Qh5 Kh7 52. Qf5+ Rg6 53. Qd7+ Kg8 54. Kf3 Rf6+ 55. Ke4 Kf8 56. Kd4 Rf4+ 57. Kc3 Rf6 58. Kb4 Kg8 59. Kb5 Kf8 60. Kc6 Rg6 61. Qxd6+ Kf7 62. Qxg6+ 1-0

[Event "Ruhrgebiet Seniors op 13th"]
[Site "Essen"]
[Date "2006.04.10"]
[Round "7"]
[White "Mueller, Falk"]
[Black "Krueger, Erich"]
[Result "1/2-1/2"]
[WhiteElo "2003"]
[BlackElo "2098"]
[PlyCount "93"]
[EventDate "2006.03.28"]
[EventType "swiss"]
[EventRounds "9"]
[EventCountry "GER"]
[SourceTitle "EXT 2007"]
[Source "ChessBase"]
[SourceDate "2006.11.23"]
[SourceVersion "1"]
[SourceVersionDate "2006.11.23"]
[SourceQuality "1"]

1. e4 c6 2. d4 d5 3. exd5 cxd5 4. Bd3 Nc6 5. c3 Nf6 6. Bf4 g6 7. Nf3 Bg7 8. Nbd2 Nh5 9. Be3 f5 10. g3 Qd6 11. Qb3 0-0 12. 0-0-0 f4 13. gxf4 Nxf4 14. Bf1 Bg4 15. Re1 Rac8 16. Kb1 Bf5+ 17. Ka1 Nd3 18. Bxd3 Bxd3 19. Ng5 Na5 20. Qb4 Qxb4 21. cxb4 Nc6 22. a3 Nxd4 23. Bxd4 Bxd4 24. Nb3 Bf6 25. Ne6 Rc2 26. Nbd4 Bxd4 27. Nxd4 Rcxf2 28. Rxe7 Rf1+ 29. Rxf1 Rxf1+ 30. Ka2 Rf7 31. Re8+ Kg7 32. a4 g5 33. Ka3 Kg6 34. b5 g4 35. Rg8+ Rg7 36. Ra8 h5 37. Rxa7 h4 38. a5 Bxb5 39. Nxb5 g3 40. hxg3 h3 41. a6 bxa6 42. Rxa6+ Kh5 43. Kb4 h2 44. Ra1 Kg4 45. Kc5 Kxg3 46. Kxd5 Kg2 47. b4 1/2-1/2

[Event "Ruhrgebiet Seniors op 13th"]
[Site "Essen"]
[Date "2006.04.06"]
[Round "6"]
[White "Dahlhaus, Friedhelm"]
[Black "Mueller, Falk"]
[Result "1/2-1/2"]
[WhiteElo "1976"]
[BlackElo "2003"]
[PlyCount "82"]
[EventDate "2006.03.28"]
[EventType "swiss"]
[EventRounds "9"]
[EventCountry "GER"]
[SourceTitle "EXT 2007"]
[Source "ChessBase"]
[SourceDate "2006.11.23"]
[SourceVersion "1"]
[SourceVersionDate "2006.11.23"]
[SourceQuality "1"]

1. e4 e5 2. Nf3 d6 3. d4 Nd7 4. Bc4 c6 5. 0-0 Be7 6. Re1 Ngf6 7. Nc3 0-0 8. a4 h6 9. h3 Nh7 10. dxe5 dxe5 11. Qe2 Qc7 12. Be3 Re8 13. Red1 Ndf8 14. Rd2 Ne6 15. g3 b6 16. Kh2 g5 17. Rg1 Nf6 18. Ne1 Kg7 19. Ng2 Nh7 20. f3 Nd4 21. Qf2 Be6 22. Bxe6 Nxe6 23. Rgd1 Rad8 24. a5 Rxd2 25. Rxd2 Bc5 26. Bxc5 bxc5 27. Ne3 Nd4 28. Nc4 Nf8 29. Nd1 Nfe6 30. Nde3 Rd8 31. c3 Nb3 32. Rxd8 Nxd8 33. Nf5+ Kh7 34. h4 Ne6 35. hxg5 hxg5 36. Kg1 Nxa5 37. Qh2+ Kg8 38. Ncd6 Nb7 39. Nh6+ Kf8 40. Nhf5 Kg8 41. Nh6+ Kf8 1/2-1/2

[Event "GER-ch Seniors-A 17th"]
[Site "Essen"]
[Date "2005.08.20"]
[Round "1"]
[White "Bogorad, Michail"]
[Black "Mueller, Falk"]
[Result "1-0"]
[WhiteElo "2212"]
[BlackElo "1997"]
[PlyCount "31"]
[EventDate "2005.08.20"]
[EventType "swiss"]
[EventRounds "9"]
[EventCountry "GER"]
[SourceTitle "CBM 108 Extra"]
[Source "ChessBase"]
[SourceDate "2005.11.04"]
[SourceVersion "1"]
[SourceVersionDate "2005.11.04"]
[SourceQuality "1"]

1. e4 e5 2. f4 d5 3. exd5 e4 4. d3 Nf6 5. dxe4 Nxe4 6. Nf3 Bf5 7. Be3 c6 8. dxc6 Qxd1+ 9. Kxd1 Nxc6 10. Bb5 0-0-0+ 11. Kc1 Kc7 12. Bxc6 bxc6 13. a4 a5 14. Na3 Bb4 15. Nc4 Rhe8 16. Bb6+ 1-0

[Event "Essen op04"]
[Site "Essen"]
[Date "2005.04.11"]
[Round "4"]
[White "Kotzem, Ernst"]
[Black "Mueller, Falk"]
[Result "1/2-1/2"]
[WhiteElo "1940"]
[BlackElo "1997"]
[PlyCount "27"]
[EventDate "2005.04.04"]
[EventType "swiss"]
[EventRounds "9"]
[EventCountry "GER"]
[SourceTitle "EXT 2007"]
[Source "ChessBase"]
[SourceDate "2006.11.23"]
[SourceVersion "1"]
[SourceVersionDate "2006.11.23"]
[SourceQuality "1"]

1. e4 e5 2. Nf3 d6 3. d4 Nd7 4. Bc4 c6 5. dxe5 dxe5 6. 0-0 Be7 7. Re1 Qc7 8. Ng5 Bxg5 9. Bxg5 Ngf6 10. Nd2 0-0 11. g3 Qd6 12. Nf3 Qxd1 13. Raxd1 Re8 14. Bxf6 1/2-1/2

[Event "Ruhrgebiet-ch Seniors 11th"]
[Site "Essen"]
[Date "2004.03.22"]
[Round "7"]
[White "Mueller, Falk"]
[Black "Rosen, Willy"]
[Result "0-1"]
[WhiteElo "1985"]
[BlackElo "2247"]
[PlyCount "74"]
[EventDate "2004.03.08"]
[EventType "swiss"]
[EventRounds "9"]
[EventCountry "GER"]
[SourceTitle "EXT 2006"]
[Source "ChessBase"]
[SourceDate "2005.11.24"]
[SourceVersion "1"]
[SourceVersionDate "2005.11.24"]
[SourceQuality "1"]

1. e4 c5 2. Nf3 Nc6 3. d4 cxd4 4. Nxd4 Qb6 5. Nb5 a6 6. Be3 Qd8 7. Nd4 Nf6 8. Nc3 e5 9. Nb3 Bb4 10. Bc4 Ne7 11. 0-0 Bxc3 12. bxc3 b5 13. Bd3 Bb7 14. Na5 Bc6 15. f4 exf4 16. Bd4 d6 17. Nb3 Ng6 18. g3 0-0 19. Nd2 Re8 20. Qf3 fxg3 21. hxg3 Ne5 22. Qf5 Bd7 23. Qg5 h6 24. Qh4 Nfg4 25. Qh5 g6 26. Qh1 Qg5 27. Nf3 Qe7 28. Rae1 Be6 29. Nh2 h5 30. Be2 Qg5 31. Bxg4 hxg4 32. Rf4 Kg7 33. Qg2 Rh8 34. Qd2 f6 35. Rf2 Qxd2 36. Rxd2 Rxh2 37. Rxh2 Nf3+ 0-1

[Event "Ruhrgebiet-ch Seniors 11th"]
[Site "Essen"]
[Date "2004.03.10"]
[Round "3"]
[White "Liszka, Guenter"]
[Black "Mueller, Falk"]
[Result "0-1"]
[WhiteElo "1745"]
[BlackElo "1985"]
[PlyCount "72"]
[EventDate "2004.03.08"]
[EventType "swiss"]
[EventRounds "9"]
[EventCountry "GER"]
[SourceTitle "EXT 2006"]
[Source "ChessBase"]
[SourceDate "2005.11.24"]
[SourceVersion "1"]
[SourceVersionDate "2005.11.24"]
[SourceQuality "1"]

1. e4 e5 2. Nf3 d6 3. Bc4 Nd7 4. d4 c6 5. dxe5 dxe5 6. 0-0 Be7 7. Qe2 Qc7 8. Rd1 Ngf6 9. Ng5 Rf8 10. a4 h6 11. Nf3 Nc5 12. Nc3 Ne6 13. Be3 g5 14. b3 Ng4 15. Nb5 Qb8 16. Nc3 Nxe3 17. Qxe3 Bc5 18. Qc1 Qc7 19. g3 Nd4 20. Nxd4 Bxd4 21. Rd3 Be6 22. Rb1 Bxc4 23. bxc4 0-0-0 24. Ne2 Bc5 25. Qb2 Rxd3 26. cxd3 f5 27. d4 exd4 28. Nxd4 fxe4 29. Kg2 Qf7 30. Nf5 Qxf5 31. Qxb7+ Kd8 32. Rd1+ Ke8 33. Qxc6+ Kf7 34. Rd7+ Kg8 35. Rd2 e3 36. fxe3 Qf1# 0-1

[Event "Ruhrgebiet-ch Seniors 11th"]
[Site "Essen"]
[Date "2004.03.09"]
[Round "2"]
[White "Mueller, Falk"]
[Black "Khasin, Abram Iosifovich"]
[Result "0-1"]
[WhiteElo "1985"]
[BlackElo "2284"]
[PlyCount "74"]
[EventDate "2004.03.08"]
[EventType "swiss"]
[EventRounds "9"]
[EventCountry "GER"]
[SourceTitle "EXT 2006"]
[Source "ChessBase"]
[SourceDate "2005.11.24"]
[SourceVersion "1"]
[SourceVersionDate "2005.11.24"]
[SourceQuality "1"]

1. e4 e6 2. d4 d5 3. Nc3 Bb4 4. e5 c5 5. a3 Bxc3+ 6. bxc3 Qc7 7. Nf3 Bd7 8. Be2 Ba4 9. 0-0 Nd7 10. Ra2 Ne7 11. Bg5 Nc6 12. Rb2 h6 13. Be3 cxd4 14. cxd4 Na5 15. Qb1 b6 16. Nd2 0-0 17. Rc1 Qc3 18. Qa2 Rfc8 19. Nb1 Qc7 20. Nd2 Rab8 21. h3 b5 22. c3 Rb6 23. Qb1 a6 24. f4 Rc6 25. c4 bxc4 26. Rc3 Rb6 27. Rb4 Nc6 28. f5 Nxb4 29. axb4 exf5 30. Qxf5 Nf8 31. Bf4 Qd7 32. Qh5 Qe7 33. Bg4 Bd7 34. Rg3 Rg6 35. Nf3 c3 36. Nh4 Rg5 37. Bxg5 Qxg5 0-1

[Event "Ruhrgebiet-ch Seniors 10th"]
[Site "Essen"]
[Date "2003.04.09"]
[Round "9"]
[White "Mueller, Falk"]
[Black "Szymaniak, Horst"]
[Result "1-0"]
[WhiteElo "2033"]
[BlackElo "2017"]
[PlyCount "39"]
[EventDate "2003.04.??"]
[EventType "swiss"]
[EventRounds "9"]
[EventCountry "GER"]
[SourceTitle "EXT 2006"]
[Source "ChessBase"]
[SourceDate "2005.11.24"]
[SourceVersion "1"]
[SourceVersionDate "2005.11.24"]
[SourceQuality "1"]

1. e4 e5 2. Nf3 Nc6 3. Bc4 Nf6 4. Ng5 d5 5. exd5 b5 6. Bb3 Nd4 7. 0-0 Bc5 8. Nc3 Bg4 9. Qe1 0-0 10. d3 h6 11. Nge4 Nxe4 12. Nxe4 Bb6 13. Be3 Nxb3 14. axb3 Qxd5 15. Bxh6 Qc6 16. Be3 Qxc2 17. Bxb6 cxb6 18. f3 Be6 19. Qg3 Qxb2 20. Nf6+ 1-0

[Event "Ruhrgebiet-ch Seniors 10th"]
[Site "Essen"]
[Date "2003.04.08"]
[Round "8"]
[White "Liszka, Guenter"]
[Black "Mueller, Falk"]
[Result "0-1"]
[WhiteElo "1802"]
[BlackElo "2033"]
[PlyCount "70"]
[EventDate "2003.04.??"]
[EventType "swiss"]
[EventRounds "9"]
[EventCountry "GER"]
[SourceTitle "EXT 2006"]
[Source "ChessBase"]
[SourceDate "2005.11.24"]
[SourceVersion "1"]
[SourceVersionDate "2005.11.24"]
[SourceQuality "1"]

1. e4 e5 2. Nf3 d6 3. Nc3 Nd7 4. Bc4 c6 5. d4 Be7 6. dxe5 dxe5 7. 0-0 Ngf6 8. Qe2 0-0 9. Rd1 Qc7 10. h3 b5 11. Bd3 a5 12. a4 b4 13. Na2 Nc5 14. b3 Nxd3 15. cxd3 c5 16. Be3 Ba6 17. Qc2 Rac8 18. Nd2 Nd7 19. Nc4 Rfd8 20. Nc1 Nf8 21. Ne2 Ne6 22. Rac1 Bg5 23. Bxg5 Nxg5 24. Ng3 g6 25. Qb2 Bxc4 26. dxc4 Rd4 27. f3 Rcd8 28. Qc2 Qd6 29. Rxd4 Qxd4+ 30. Kh2 Qd2 31. Ne2 Ne6 32. Ng1 Qf4+ 33. Kh1 Rd2 34. Qb1 Qg3 35. Ne2 Rxe2 0-1

[Event "Ruhrgebiet-ch Seniors 10th"]
[Site "Essen"]
[Date "2003.04.07"]
[Round "7"]
[White "Mueller, Falk"]
[Black "Schmitthoefer, Herbert"]
[Result "1-0"]
[WhiteElo "2033"]
[BlackElo "1702"]
[PlyCount "59"]
[EventDate "2003.04.??"]
[EventType "swiss"]
[EventRounds "9"]
[EventCountry "GER"]
[SourceTitle "EXT 2006"]
[Source "ChessBase"]
[SourceDate "2005.11.24"]
[SourceVersion "1"]
[SourceVersionDate "2005.11.24"]
[SourceQuality "1"]

1. e4 c5 2. Nf3 Nc6 3. d4 cxd4 4. Nxd4 Nf6 5. Nc3 Qc7 6. Be2 e6 7. 0-0 a6 8. Be3 Bd6 9. g3 h5 10. Ndb5 axb5 11. Nxb5 Qb8 12. Nxd6+ Kf8 13. e5 Nxe5 14. Nxc8 Qxc8 15. Qd6+ Kg8 16. Qxe5 h4 17. Bf3 hxg3 18. hxg3 Qxc2 19. Kg2 d5 20. Rh1 Nh5 21. Rac1 Qg6 22. Rc7 Nf6 23. Rxh8+ Kxh8 24. Rxb7 Rxa2 25. Bg5 Ng8 26. Rb8 Ra6 27. Be3 Qh7 28. b4 f6 29. Qc3 g6 30. Qxf6+ 1-0

[Event "Bochum-ch"]
[Site "Bochum"]
[Date "2002.11.13"]
[Round "4"]
[White "Von Beers, Rainer"]
[Black "Mueller, Falk"]
[Result "0-1"]
[WhiteElo "1868"]
[BlackElo "2002"]
[PlyCount "73"]
[EventDate "2002.10.23"]
[EventType "swiss"]
[EventRounds "9"]
[EventCountry "GER"]
[SourceTitle "EXT 2006"]
[Source "ChessBase"]
[SourceDate "2005.11.24"]
[SourceVersion "1"]
[SourceVersionDate "2005.11.24"]
[SourceQuality "1"]

1. e4 e5 2. Nf3 d6 3. Bc4 Nd7 4. Nc3 c6 5. d4 Be7 6. Be3 Ngf6 7. a4 0-0 8. 0-0 Nxe4 9. Bxf7+ Rxf7 10. Nxe4 h6 11. Ng3 Bf6 12. Ra3 d5 13. Re1 e4 14. Nd2 Be7 15. Rb3 Nf6 16. f3 Bd6 17. c4 exf3 18. gxf3 dxc4 19. Nxc4 Be6 20. Qd3 Bxc4 21. Qxc4 Nd5 22. Qf1 Qh4 23. Qg2 Rc8 24. Bd2 Qxd4+ 25. Kh1 Bxg3 26. hxg3 Qxa4 27. Ra3 Qd4 28. f4 Qxb2 29. Rxa7 Qd4 30. Rea1 Rf5 31. Qe2 Nc7 32. Kg2 Qd5+ 33. Kg1 Rh5 34. Qg2 Qd4+ 35. Kf1 Nd5 36. R1a3 Qc4+ 37. Kg1 0-1

[Event "Ruhr-ch Seniors 9th"]
[Site "Essen"]
[Date "2002.03.19"]
[Round "8"]
[White "Mueller, Falk"]
[Black "Rosen, Willy"]
[Result "0-1"]
[WhiteElo "2009"]
[BlackElo "2273"]
[PlyCount "94"]
[EventDate "2002.03.??"]
[EventType "swiss"]
[EventRounds "9"]
[EventCountry "GER"]
[SourceTitle "EXT 2006"]
[Source "ChessBase"]
[SourceDate "2005.11.24"]
[SourceVersion "1"]
[SourceVersionDate "2005.11.24"]
[SourceQuality "1"]

1. e4 c5 2. Nf3 Nc6 3. d4 cxd4 4. Nxd4 Qb6 5. Nb3 Nf6 6. Bd3 d5 7. exd5 Nxd5 8. 0-0 Be6 9. Nc3 Nxc3 10. bxc3 Rd8 11. Qe2 g6 12. Be3 Qc7 13. Nc5 Bc8 14. Rad1 Bg7 15. Qd2 0-0 16. Bh6 Rd5 17. Bxg7 Kxg7 18. Nb3 Rfd8 19. c4 Rh5 20. Qc3+ f6 21. f4 e5 22. Be2 Rf5 23. Rxd8 Qxd8 24. Rd1 Qe8 25. fxe5 Rxe5 26. Bf3 Bf5 27. Bxc6 Qxc6 28. Nd4 Qc5 29. Kf1 h5 30. Re1 Rxe1+ 31. Kxe1 Qe5+ 32. Kf2 Bxc2 33. Ne6+ Qxe6 34. Qxc2 b6 35. h3 Qe5 36. a4 h4 37. Qd3 a5 38. Qd7+ Kh6 39. Qd3 Qc5+ 40. Kf1 Qe5 41. Qd2+ Qg5 42. Qd4 Qf5+ 43. Kg1 Qc5 44. Qxc5 bxc5 45. Kf2 Kg5 46. g3 hxg3+ 47. Kxg3 Kh5 0-1

[Event "Ruhr-ch Seniors 9th"]
[Site "Essen"]
[Date "2002.03.13"]
[Round "6"]
[White "Bakhmatov, Eduard"]
[Black "Mueller, Falk"]
[Result "1-0"]
[WhiteElo "2239"]
[BlackElo "2009"]
[PlyCount "110"]
[EventDate "2002.03.??"]
[EventType "swiss"]
[EventRounds "9"]
[EventCountry "GER"]
[SourceTitle "EXT 2006"]
[Source "ChessBase"]
[SourceDate "2005.11.24"]
[SourceVersion "1"]
[SourceVersionDate "2005.11.24"]
[SourceQuality "1"]

1. e4 e5 2. Bc4 Nf6 3. d4 Nxe4 4. dxe5 c6 5. Qf3 d5 6. exd6 Nxd6 7. Bb3 Be7 8. Nc3 0-0 9. Bf4 Qa5 10. 0-0-0 Nb5 11. Nge2 Na6 12. Nxb5 Qxb5 13. Nd4 Qa5 14. Rhe1 Bf6 15. Bd6 Qg5+ 16. Qe3 Qxe3+ 17. Rxe3 Bg4 18. Nf3 Rfd8 19. Rde1 Bxf3 20. gxf3 b6 21. Be7 Bxe7 22. Rxe7 Rf8 23. Bc4 b5 24. Bb3 g6 25. Rb7 Nc5 26. Rc7 Nxb3+ 27. axb3 Rac8 28. Rxa7 Ra8 29. Ree7 Rxa7 30. Rxa7 Re8 31. Kd2 Re6 32. Rc7 Kf8 33. c4 Ke8 34. Kd3 Rf6 35. Ke4 Kd8 36. Ra7 Rf5 37. Rb7 Kc8 38. Re7 Kd8 39. Re5 bxc4 40. Rxf5 gxf5+ 41. Ke5 cxb3 42. Kd6 f4 43. Kxc6 Ke7 44. Kd5 Kf6 45. Kc4 Kg5 46. Kxb3 Kh4 47. Kc4 Kh3 48. b4 Kxh2 49. b5 h5 50. b6 h4 51. b7 Kg2 52. b8Q Kxf3 53. Qh8 Kxf2 54. Qxh4+ Ke3 55. Qe1+ Kf3 1-0

[Event "Ruhrgebiet VK1 0001"]
[Site "Ruhrgebiet"]
[Date "2001.05.13"]
[Round "9"]
[White "Woestmann, Ulrich"]
[Black "Mueller, Falk"]
[Result "1/2-1/2"]
[WhiteElo "1966"]
[BlackElo "1992"]
[PlyCount "48"]
[EventDate "2000.09.17"]
[EventType "team-tourn"]
[EventRounds "9"]
[EventCountry "GER"]
[SourceTitle "EXT 2023"]
[Source "ChessBase"]
[SourceDate "2022.10.05"]
[SourceVersion "1"]
[SourceVersionDate "2022.10.05"]
[SourceQuality "1"]
[WhiteTeam "Ahlen II"]
[BlackTeam "Gerthe"]
[WhiteTeamCountry "GER"]
[BlackTeamCountry "GER"]

1. e4 e5 2. Nf3 d6 3. Bc4 Nd7 4. d4 c6 5. 0-0 Be7 6. dxe5 dxe5 7. h3 Qc7 8. Ng5 Bxg5 9. Bxg5 Ngf6 10. Nd2 0-0 11. a4 h6 12. Bh4 g5 13. Bg3 Kg7 14. a5 Re8 15. h4 Nc5 16. hxg5 hxg5 17. Qe2 Nh7 18. Qh5 Be6 19. Bxe6 Nxe6 20. Nc4 Nf6 21. Qe2 Nf4 22. Bxf4 exf4 23. e5 Nh7 24. Ra3 f6 1/2-1/2